000 00645nam a2200241Ia 4500
003 OSt
005 20221005114617.0
006 a|||||r|||| 00| 0
007 ta
008 221004b |||||||| |||| 00| 0 mal d
024 _a55055
037 _cTextual
040 _aCRL
_cCRL
_bmal
041 _2mal
_amal
082 _aO32,1N30x, L4
100 _aK. Ayyappanicker Au.
_9626251
245 0 _aAyyappapanickarude krithikal
260 _c1974
650 _a MALAYALAM POETRY
_9185636
650 _aMALAYALAM LITERATURE
_938866
942 _hO32,1N30x, L4
_cTEXL
_2cc
999 _c1031873
_d1031873